[Event "RUS-ch51"]
[Site "St Petersburg"]
[Date "1998.07.30"]
[Round "3"]
[White "Yemelin, Vasily"]
[Black "Korneev, Oleg"]
[Result "1/2-1/2"]
[WhiteElo "2510"]
[BlackElo "2600"]
[Annotator "Mikhalevski,V"]
[PlyCount "100"]
[EventDate "1998.07.28"]
[EventType "swiss"]
[EventRounds "11"]
[EventCountry "RUS"]
[SourceTitle "CBM 067"]
[Source "ChessBase"]
[SourceDate "1998.11.30"]
[SourceVersion "2"]
[SourceVersionDate "1998.11.01"]
[SourceQuality "1"]

{[%mdl 4456]} 1. e4 e5 2. Nf3 Nc6 3. Bb5 a6 4. Ba4 Nf6 5. O-O Nxe4 6. d4 b5 7.
Bb3 d5 8. dxe5 Be6 9. c3 Be7 10. Nbd2 Nc5 11. Bc2 Bg4 12. Re1 {Schussler: A
popular alternative is 12.Qe1 unpinning the N at f3, thus making 13.Nd4
possible - see CBM 24/game 602.} O-O {Hansen: Kortschnoj has preferred this
move lately. His old favorite line used to be 12..Qd7 and 13..Rd8.} 13. Nf1 (
13. Nb3 $5) (13. b4 Ne6 14. Nb3) 13... Re8 {This move has become popular after
the game Wang Zili-Yusupov,1990} (13... d4 $5 {Wedberg: The thematic push in
the open spanish. But the move has not been played much in this exact position
(see Timman-Kortchnoi 1996 in CBM57)}) 14. b4 $146 {Despite a big amount of
games in 13...Re8 line this move wasn't played yet and as the game shows
rightly so.} (14. Ng3 {was tried only once} Bf8 (14... d4 {Tal}) 15. b4 Bxf3
16. gxf3 Nxe5 17. Rxe5 Rxe5 18. bxc5 Bxc5 19. Bf4 Re8 20. Qd3 g6 $13 {1/2-1/2
Urday,H-Estremera Panos,S/Osuna 1991/EXT 91op (33)}) (14. Bf4 Bf8 15. Ne3 Bxf3
16. Qxf3 Nxe5 17. Qg3 (17. Qxd5 Ned3) 17... f6 18. Nf5 g6 19. h4 Qd7 {[%cal
Gc5e4]} 20. Rad1 Nf7 21. Rxe8 Rxe8 22. Bxc7 Ne4 23. Bxe4 Rxe4 24. Ne3 d4 25.
Nc2 Re2 26. Rxd4 {1/2-1/2 Stefansson,H-Hjartarson,J/Akureyri 1997/EXP 59 (26)})
(14. h3 {One of the most critical continuations.} Bh5 15. Ng3 (15. g4 Bg6 16.
Bxg6 hxg6 17. Ne3 Qd7 18. Qxd5 Rad8 19. Rd1 Qe6 $10 {Wahls,M-Hübner,R, Munich
1991.}) 15... Bg6 16. Nf5 (16. Bxg6 {1/2-1/2 Topalov-Marin,Budapest 1993}) (16.
Be3 Bf8 (16... Qd7 $11) 17. Bd4 Ne6 18. h4 Ncxd4 19. cxd4 c5 20. Bxg6 hxg6 21.
Qd2 Nxd4 22. Nxd4 cxd4 23. Qxd4 Rc8 24. Rac1 Rc4 25. Rxc4 dxc4 $15 {0-1
Villavicencio,A-Garcia,G/Las Palmas op 1989 (37)}) 16... Bf8 {looks most
logical.} (16... Ne4 $5 $146 {Timman's novelty which he tried against van den
Doel.In the later game Adianto decided to check this move against Svidler,but
the try was unsuccessful...} 17. Nxe7+ (17. Bxe4 $2 dxe4) 17... Rxe7 18. Bf4
$14 Qe8 $5 {/\Rd8} (18... Qd7 19. Nh4 $1 Nc5 (19... Nxe5 $4 20. Bxe5 Rxe5 21.
Nxg6 hxg6 22. Rxe4 $18) 20. Nxg6 hxg6 21. Be3 $5 (21. Qf3 $5) 21... Ne6 22. f4
d4 $1 23. Be4 Rd8 (23... dxe3 $4 24. Qxd7 Rxd7 25. Bxc6 $18) 24. Bf2 $1 $146 {
and Svidler won convincingly. 1-0 Svidler,P-Adianto,U/Groningen 1997/CBM 63/
[Mikhalevski,V] (44)} (24. cxd4 Ncxd4 25. Rc1 c5 (25... Nf5 $5 26. Bxf5 gxf5
$13)) (24. Bc1 $2 Nc5 {0-1 Van den Doel,E-Timman,J/Rotterdam 1997/CBM 60/
[Mikhalevski,V] (42)} (24... d3 25. Be3 Na5 26. b3 $14))) 19. Qxd5 $140 (19. a4
$5) (19. a4 $5) 19... Nxc3 $1 (19... Rd8 20. Qb3 Nc5 21. Qa3 Ne6 $1 22. Bxg6
Nxf4 23. Bc2 Nxe5 24. Kf1 $1 $13) 20. Qd2 Bxc2 21. Qxc2 Nd5 $11) 17. Bf4 Ne6
18. Bh2 Na5 19. Ne3 c6 20. Nd4 Nxd4 21. cxd4 Nc4 22. b3 Nxe3 23. Rxe3 c5 $1 24.
Bxg6 hxg6 25. dxc5 Bxc5 26. Rd3 d4 27. Kh1 Rc8 28. f4 Qd5 $10 {1/2-1/2 Wahls,
M-Huebner,R/GER-CupT 1991 (41)}) (14. Ne3 {together with 14.h3 is one of the
most critical continuations.} Nxe5 (14... Bxf3 $6 15. Qxf3 Nxe5 16. Qf5 Ng6 17.
Nxd5 Bd6 18. Rxe8+ Qxe8 19. Be3 $14 {Adams,M-Garcia,G/New York op 1995/EXP 47/
1-0 (56)}) 15. Bxh7+ (15. Nxg4 $2 Nxg4 16. h3 Nf6 $17 {Prasad,D-Ramesh,R/
Madras zt 1995/EXT 95/1/2-1/2 (61)}) 15... Kxh7 16. Qc2+ Kg8 (16... Ng6 17.
Nxg4 $14) 17. Nxe5 Bh5 $5 $146 (17... Be6 18. Nc6 (18. Nf5 $6 Bxf5 (18... Bf8
$142 $11) 19. Qxf5 Bf6 20. Bf4 $14 {1-0 Daly,C-Glodeanu,I/Bucharest2 1993 (35)}
) 18... Qd6 19. Nxe7+ Rxe7 20. b3 Nd7 21. Bb2 $6 (21. a4 $1 $14) 21... Rae8 22.
Rad1 (22. a4 $5) 22... c5 23. f3 Ne5 $1 24. Qf2 $6 (24. Qd2 c4 25. bxc4 bxc4
26. Nc2 $10 Nd3 27. Ba3 Qb6+ $145 28. Qe3) 24... c4 25. Qg3 f6 26. Rd4 Qc5 27.
bxc4 $6 (27. b4 Qb6 28. Bc1 $17) 27... dxc4 28. Nc2 $2 (28. Bc1) 28... a5 $1
$19 {0-1 Wang Zili-Jussupow,A/Novi Sad olm 1990/TD 90\06/[Balashov] (36)}) 18.
Qf5 $1 (18. b4 $2 Na4) (18. g4 $6 Bg6) (18. Nc6 $6 Qd7 19. Qf5 $6 (19. Nxe7+
Rxe7 $15) 19... Qxf5 20. Nxf5 Bf6 21. Nfe7+ Kf8 22. Be3 Nd3 23. Nxd5 Nxe1 24.
Rxe1 Re6 25. Bc5+ Kg8 26. Rxe6 fxe6 27. Nxc7 Rc8 28. Bb6 (28. Bd6 $2 Bd8) 28...
Bd8 29. f3 Rxc7 30. Nxd8 Rd7 31. Nxe6 Rd6 32. Nf4 Rxb6 $1 33. Nxh5 Rd6) 18...
Bf6 19. Nf3 (19. Nc6 $2 {Jetzt behält Schwarz sein Läuferpaar} Bg6 {^^} (19...
Qd7 $5 {Hansen,Cu} 20. Qxh5 Qxc6 21. Rd1 Re5 22. Qf3 Rae8 $132) 20. Qxg6 fxg6
21. Nxd8 Raxd8 $17 {1/2-1/2 Leko,P-Kortschnoj,V/Ubeda 1997/CBM 58/[Kortschnoj]
(50)}) (19. Qxh5 Rxe5 20. Qd1 $1) 19... Bxf3 20. Qxf3 $11 Nd3 $140 $2 21. Rd1
Nxc1 22. Rxd5 Ne2+ $1 23. Kf1 $16 (23. Qxe2 $4 Qxd5) (23. Kh1 $5)) 14... Ne4 $1
(14... Ne6) 15. Ng3 (15. Bxe4 $2 dxe4 16. Qxd8 Bxd8 $1 (16... Raxd8 17. Rxe4
Bxf3 18. gxf3 Rd3) 17. Nd4 $1 (17. Rxe4 Bxf3 18. gxf3 Nxe5 $15) 17... Nxe5 $15)
15... Nxe5 $1 (15... Nxc3 $2 16. Qd3 g6 (16... Ne4 17. Nxe4 Nxb4 $140 18. Nf6+)
17. Qxc3 Bxb4 18. Qxc6 Bxf3 {[%cal Ge8e6]} 19. Rf1 Re6 20. Qb7 Rb6 21. Qxb6
cxb6 22. gxf3 $16) (15... Bxf3 16. gxf3 $1 (16. Qxf3 Nxe5 17. Qf5 Bf6 $5 (17...
Bh4 18. Nxe4 dxe4 19. Rxe4 (19. Bxe4 $2 g6 {[%cal Ge5d3]}) 19... Qf6 20. Qxf6
Bxf6 $11 {[%csl Rc3]}) 18. Nxe4 (18. Bxe4 g6 19. Qh3 (19. Qf4 dxe4 20. Nxe4 Bg7
$1 $15 (20... Nd3 $2 21. Qxf6 Nxe1 22. Bh6 $1 Qxf6 23. Nxf6+ Kh8 24. Nxe8 Rxe8
25. Rd1 $16)) 19... dxe4 (19... Nd3 $5) 20. Nxe4 Nd3 21. Bg5 (21. Qxd3 Qxd3 22.
Nxf6+ Kg7 23. Nxe8+ Rxe8 24. Bh6+ Kxh6 25. Rxe8 Qxc3 $15) 21... Bxg5 22. Nxg5
Qxg5 23. Qxd3 Rxe1+ 24. Rxe1 Rd8 $15) 18... dxe4 19. Rxe4 (19. Bxe4 g6 20. Qh3
Nd3 21. Re3 Bxc3 22. Rxd3 (22. Rb1 Nxc1 23. Rxc1 Bd2 $1 24. Bxa8 Rxe3 25. fxe3
Bxc1 $19) 22... Bxa1 23. Rxd8 Raxd8 $17) 19... g6 20. Qh3 a5 $1 $11) 16... Nxc3
(16... Nxg3 17. hxg3 $14) 17. Qd3 g6 18. Qxc3 Bxb4 19. Qxc6 Bxe1 $14 (19... Re6
$6 20. Qb7 Rb6 (20... Bxe1 21. Bg5 $1) 21. Qxb6 $16)) 16. Nxe4 (16. Bxe4 $6
dxe4 17. Qxd8 Bxd8 $1 (17... Nxf3+ $4 18. gxf3) 18. Nxe5 Rxe5 19. f3 Be6 20.
Bf4 Rd5 21. Nxe4 a5 $15) 16... Bxf3 (16... dxe4 $2 17. Qxd8 Bxd8 18. Nxe5 Rxe5
19. Bf4 $1 (19. Bxe4 $2 f5 $1) 19... Re6 20. Bxe4 Rb8 21. h3 $16 {[%cal Ge4d5,
Ge4f5]}) 17. gxf3 dxe4 18. fxe4 $6 {Despite pair of bishops Black is better as
White's king is open,pawns on the queen side are weak and the bishop on c1 is
not developed yet.} (18. Bxe4 $142 Qxd1 19. Rxd1 Rad8 $11 {keeping an equality.
}) 18... Bf6 (18... Bh4 $1 {[%cal Gd8f6]} 19. Qxd8 (19. Be3 Qf6 20. Rf1 Rad8
21. Qh5 g6 22. Qe2 Qf3 $1 23. Qxf3 Nxf3+ 24. Kg2 Nd2 25. Rfd1 (25. Rfe1 Bf6 $1
$17) 25... Nxe4 $17) (19. Rf1 Qf6 20. f4 (20. Be3 $142) 20... Rad8 21. Qe2 (21.
Qh5 Nd3) 21... Nd3 $1 $17) 19... Raxd8 20. Kg2 (20. Re2 Bf6 $1 {[%csl Rc3]}) (
20. Re3 Bg5 21. Re2 Bf6) 20... Nd3 $1 21. Re2 (21. Rd1 Nxf2 22. Rxd8 Rxd8 $17
23. Bf4 $140 g5 $1) 21... Bf6 $17) 19. Bf4 (19. Qh5 {is dangerous in view of}
Nc4 20. Rd1 (20. e5 $2 g6) 20... Qe7 {[%csl Rc3]} 21. e5 $140 $2 g6 22. exf6
Qe1+) 19... Ng6 {wins a pawn,but thanks to the bishops of different colors
White has good chances to escape.} (19... Qe7 $5 {trying to use an open
position of White's king.}) 20. Qxd8 (20. Bd2 $2 Be5 {with decisive attack.})
20... Raxd8 21. Bxc7 Rc8 (21... Rd2 $5) 22. e5 $1 Nxe5 (22... Bxe5 $2 23. Bxe5
Nxe5 24. Re3) 23. Bxe5 Rxe5 $1 (23... Bxe5 24. Rac1 $1 Bxc3 (24... Rxc3 25.
Bxh7+ (25. Rxe5 $5 Rxe5 26. Bxh7+ Kxh7 27. Rxc3 $11) 25... Kf8 (25... Kxh7 $2
26. Rxc3 Bxh2+ 27. Kf1 $1) 26. Bf5 $1) 25. Rxe8+ Rxe8 26. Bxh7+ Kxh7 27. Rxc3
$11) 24. Rxe5 (24. Bb3 Kf8 $5 (24... Rxc3 25. Rxe5 Bxe5 26. Rd1 (26. Re1 Bd6
27. Re8+ Bf8 28. Ra8 Rc6 $15) 26... g6 27. Rd7 Rf3 $15) (24... Rxe1+ 25. Rxe1
Kf8)) 24... Bxe5 25. Bb3 g6 (25... Bxc3 26. Rc1 $11 {[%cal Gg1f1,Gf1e2,Ge2d3]
see the game.}) (25... Rxc3 $142 26. Rd1 (26. Re1 $5 {see 24.Bb3})) 26. Rc1 $1
{[%cal Gc3c4]} Bxc3 (26... Rxc3 27. Rxc3 Bxc3 28. Bd5 $1 $11 (28. a3 {[%cal
Gb3d5,Gd5b7]} Bb2 29. a4 bxa4 $1 30. Bxa4 Bc3 31. b5 a5 $15) 28... Bxb4 29. Bb7
a5 30. Bc6) 27. a4 $1 {White changes queen side pawns and approaches to the
drawish harbour.} Kg7 (27... bxa4 28. Bxa4 Rc4 {[%cal Gc4b4,Gc4g4]} 29. Bd7 $1
Rd4 30. Rxc3 Rxd7 31. Rc6 $11) 28. axb5 axb5 29. Kg2 {White has enough time
for Bb3-d1-e2} (29. Bd1 Rd8 30. Be2 Bxb4 31. Bxb5 Rd5 $15 {[%cal Gd5g5]}) 29...
Rc7 30. Bd1 Kf6 (30... Rd7 $2 31. Rxc3 Rxd1 32. Rc5) 31. Be2 (31. Kf3 $1 $11 {
[%cal Gd1e2] is much simplier as Black has to change rooks.} Ke5 32. Be2 Kd4
33. Rd1+ Ke5 34. Rc1 Kd6 35. Bxb5 Bxb4 36. Rxc7 Kxc7 $11) 31... Re7 32. Bxb5 ({
Now} 32. Rxc3 $2 {is not good in view of} Rxe2 33. Rc5 Re5) 32... Bxb4 {
This endgame should be drawn,but White has to be careful.} 33. Rc4 Ba5 34. h3
Re5 35. Bc6 h5 36. Rf4+ Kg7 37. Rd4 Rg5+ 38. Kf3 Bb6 39. Rd5 Rg1 40. Rb5 Bd4
41. Rd5 Bc3 42. Rd7 {[%cal Gc6d5]} Rg5 43. Rd5 $11 {Now draw is simple as
Black's rook is out of play} f5 44. Ke2 $1 Kf6 (44... Rg1 45. Rd1) 45. Rd6+ Ke7
46. Rd7+ Ke6 47. Rd3 Be5 48. Rd1 h4 49. Bd5+ Kf6 50. Bf3 {[%csl Rg5]} Bh2
1/2-1/2

[Event "Linares 16th"]
[Site "Linares"]
[Date "1999.03.03"]
[Round "9"]
[White "Leko, Peter"]
[Black "Anand, Viswanathan"]
[Result "1/2-1/2"]
[WhiteElo "2694"]
[BlackElo "2781"]
[Annotator "Mikhalevski,V"]
[PlyCount "88"]
[EventDate "1999.02.21"]
[EventType "tourn"]
[EventRounds "14"]
[EventCountry "ESP"]
[EventCategory "20"]
[SourceTitle "CBM 070"]
[Source "ChessBase"]
[SourceDate "1999.06.08"]
[SourceVersion "1"]
[SourceVersionDate "1999.06.08"]
[SourceQuality "1"]

{[%mdl 2080]} 1. e4 e5 2. Nf3 Nc6 3. Bb5 a6 4. Ba4 Nf6 5. O-O Nxe4 6. d4 b5 7.
Bb3 d5 8. dxe5 Be6 9. Nbd2 Nc5 10. c3 Bg4 (10... d4 11. Ng5 Bd5 12. Nxf7 $1
Kxf7 13. Qf3+ Ke6 14. Qg4+ $1 $146 Ke7 15. e6 Bxe6 16. Re1 Qd7 17. Bxe6 Nxe6
18. Nf3 Re8 19. Ng5 Ncd8 20. Bd2 h6 21. Nf3 Qd5 22. Re5 Qd6 23. cxd4 h5 24. Qe4
Kf7 25. d5 Kg8 26. Qg6 Re7 27. Rae1 Nd4 28. Qxd6 Nxf3+ 29. gxf3 cxd6 30. Rxe7
Bxe7 31. Rxe7 $18 {1/2-1/2 Svidler,P-Anand,V/Dos Hermanas ESP 1999 (69)}) 11.
Bc2 Qd7 ({Last autumn in Tilburg Vishy had tried immediate} 11... d4 {and
equalized.Perhars he wasn't satisfied with the results of the opening or just
decided to check another continuation this time.In my comments on that game
which you can find in EXT99 I didn't find what was wrong there.Maybe someone
will give it another try and we'll know more about 11...d4.} 12. Nb3 d3 13. Bb1
Qd5 14. Nxc5 Bxc5 15. Qxd3 Qxd3 16. Bxd3 O-O-O 17. Be4 Bxf3 18. gxf3 Nxe5 19.
a4 b4 20. Bg5 f6 21. cxb4 Bxb4 22. Be3 Nc4 23. Bf4 Bd2 24. b3 Nd6 25. Bxd6 {
1/2-1/2 Leko,P-Anand,V/Tilburg 1998/EXT 99 (25)}) 12. Re1 d4 $5 $146 {[%mdl 8]
A novelty on the early stage of the game. Strange enough,but nobody tried this
move before... The programme break d5-d4 has been checking out by Anand in the
every possible moment.Starting with 10...d4 against Kasparov in New York in
1993,then came above mentioned 11...d4 against leko in Tilburg 1998 and
finally on the 12-th move in the current game.After this game the circle has
been closing and Anand returns to 10...d4 in Dos Hermanas 1999.See above his
game against Svidler...Maybe 11...d4 next time?} ({In all previous games} 12...
Rd8 {was played in this position automatically.}) 13. Nb3 ({I case of} 13. Ne4
Ne6 $5 (13... dxc3 $5 14. Nxc3 (14. Qxd7+ Nxd7 15. Nxc3 Bxf3 16. gxf3 Nd4 17.
Be4 O-O-O) 14... Rd8 $1)) 13... dxc3 (13... d3 $2 {doesn't work in view of} 14.
Nxc5 dxc2 (14... Bxc5 15. Qxd3) 15. Qxd7+ Bxd7 16. Nxd7 Kxd7 17. Bf4 $1 {
[%csl Rc2][%cal Ga1c1] and White wins a pawn.}) 14. Qxd7+ $1 {This is better
than immediate 14.bc since Black is forced to retreat with the bishop.} Bxd7 (
14... Nxd7 $2 15. Be4 $1 {[%cal Re4a8]}) (14... Kxd7 {doesn't look to good
either.}) 15. bxc3 Nd8 {[%cal Gd8e6] Knight on c6 doesn't work and Vishy
brings it into play.The only drawback of this plan is the fact it's a little
bit slow.Leko tries to make use of it by fast reaction:} ({After} 15... Na4 16.
Nbd4 $1 {[%cal Ge5e6,Gc2e4] should be taken in consideration as} Nxc3 {is very
dangerous in view of} (16... Nxd4 $142 17. cxd4 $14) 17. e6 $1 fxe6 18. Nxc6
Bxc6 19. Rxe6+ Kd7 20. Bf5 {and Black is in a big danger.}) 16. Ng5 {[%cal
Gg5h7]} h6 ({After careless} 16... Nde6 $2 {White simply takes a pawn and says
thanks as Black has no compensation for it.} 17. Nxh7 $1 Be7 (17... Nxb3 18.
axb3 Be7 19. Rd1 $1 {and knight on h7 fills not too badly.}) 18. Nxc5 Bxc5 (
18... Nxc5 19. Nf6+ $1) 19. Ng5) 17. Ne4 ({For the lovers of special effects} 
17. Nh7 {can be proposed.The problem is that it has no way back.} Nxb3 (17...
Be7 $2 18. Nf6+ $1) 18. axb3 Bc5 19. b4 Bb6 20. Be3 $13) 17... Nxe4 18. Bxe4
Bc6 {The best way to make use of the development advantage is opening the
position.} 19. a4 $1 {The best way to make use of the development advantage is
opening the position.} {Ceratainly it doesn't match to Anand.So} b4 20. Bd2
bxc3 (20... Bxe4 21. Rxe4 bxc3 22. Bxc3 {leads to the same.}) 21. Bxc3 Bxe4 22.
Rxe4 Rb8 23. Nd2 {Now Black's plan is to keep the position by Ne6,h5 and g6,
but he has no time for it.} Ne6 24. f4 $1 g6 ({After} 24... Bc5+ 25. Kf1 {
the c5 square is occupied and knight has to look for another parking place.})
25. g4 h5 26. f5 Nc5 27. Rc4 gxf5 (27... hxg4 $5 28. fxg6 (28. e6 Rh3 29. exf7+
(29. Re1 Bd6 $1) (29. e7 Bxe7 30. Re1 Nd3 31. Re2 Kd7) 29... Kxf7 30. fxg6+
Kxg6 31. Rxg4+ $11) (28. Bd4 Rd8) 28... fxg6 29. Rxg4 Rh6 (29... Rh3 $5 30. Ba5
Rb2 $1 {[%csl Ra5,Rd2][%cal Gc5b7]}) 30. Rf1 $14) 28. gxf5 Rg8+ 29. Kf1 {
On the one hand White reached his goal.He didn't allow to Black's knight to
fortify it's position on e6,but on the other hand pawns on f5 and e5 are
vulnerable.} Rd8 30. Rb1 Rg5 31. f6 {White gives the e6-square up in Black's
hands,but take more space on the king side.The position is still can't be
evaluated synonymously.} ({After} 31. Rf4 Bh6 $1 {is unpleasant}) 31... Ne6 32.
Ne4 Rg4 33. h3 Rf4+ 34. Ke2 h4 35. Rg1 c5 {[%csl Re4][%cal Rd8d4,Re6d4] Very
complicated position has been arised.Both sides have their pluses and minuses.
I would evaluate it as the position of dinamics equality.} 36. Rf1 (36. Ke3 Bh6
37. Rg8+ Kd7 38. Rxd8+ (38. Nxc5+ $2 Nxc5 39. Rxd8+ Kxd8 40. Rxf4 Ne6 $19)
38... Kxd8) (36. Bd2 $1 Rf5 (36... Rd4 37. Rxd4 Nxd4+ 38. Kd3 Rf3+ 39. Kc4 {
[%cal Gg1g8]}) (36... Nd4+ $2 37. Rxd4 Rxd4 38. Bxf4 Rxe4+ 39. Kf3 Rxa4 40. Rg8
$18 {[%cal Gf4h6]}) 37. Be3 $1 Rxe5 38. Rg4 $11) 36... Rxf1 {Black doesn't
take chances.} ({At Anand's disposal was a nice tactical blow which leads into
position with two pieces v rook where White has some compensation thanks to
the strong pawns on f6 and e5.} 36... Rd4 $1 {[%mdl 64]} 37. Bxd4 (37. Rxd4 $2
cxd4 $1 {[%cal Rd4c3,Rf4e4]} 38. Rxf4 Nxf4+ 39. Kf3 dxc3 40. Kxf4 c2 $19) 37...
Rxe4+ 38. Kd3 Rxd4+ 39. Rxd4 cxd4 40. Kc4 $44 {[%csl Gc4,Ge5,Gf6]} (40. Rb1 $5
$44)) 37. Kxf1 Rd3 38. Nf2 Re3 39. Bb2 {[%cal Gc4h4]} Rb3 40. Bc3 Kd7 41. Nd1 {
[%cal Gc4h4]} Nd4 $1 {Black sacrifices a pawn for a while coming with the king
to e6 destroying e5 and f6 pawns.After a serial of exchanges the game comes to
its logical completion.} 42. Bxd4 cxd4 43. Rxd4+ Ke6 44. Rxh4 Kxe5 $11 1/2-1/2